| 000 | 00670nam a22001937a 4500 | ||
|---|---|---|---|
| 003 | OSt | ||
| 005 | 20251128152343.0 | ||
| 008 | 251128b |||||||| |||| 00| 0 eng d | ||
| 020 | _a978-621-406-042-9 | ||
| 040 |
_aDWC-Main lib. _cOC |
||
| 082 | _aFil. 332.024 F634p 2016 | ||
| 100 | _aFlores, Marivic Francisco | ||
| 245 |
_aPersonal finance management : _btext cases/ _cMarivic Francisco Flores |
||
| 260 |
_aIntramuros, Manila, Philippines : _bMindshapers co. inc., _cc2016. |
||
| 300 |
_aix, 238 pages : _billustrations ; _c23cm. |
||
| 504 | _aIncludes bibliographical reference and glossary. | ||
| 650 | _a1. Finance, Personal | ||
| 942 |
_2ddc _cBK - FIL _kFil. _n0 |
||
| 999 |
_c6577 _d6577 |
||